A PRACTICAL BOOK OF PHYSICAL PHARMACEUTICS-II : second year b.pharma. semester-iv (Record no. 8424)

MARC details
000 -LEADER
fixed length control field 00471nam a22001697a 4500
005 - DATE AND TIME OF LATEST TRANSACTION
control field 20231027150843.0
008 - FIXED-LENGTH DATA ELEMENTS--GENERAL INFORMATION
fixed length control field 231027b |||||||| |||| 00| 0 eng d
020 ## - INTERNATIONAL STANDARD BOOK NUMBER
ISBN 978-93-88293-75-4
041 ## - LANGUAGE CODE
Language code of text/sound track or separate title eng
082 ## - DEWEY DECIMAL CLASSIFICATION NUMBER
Classification number 615.19
100 ## - MAIN ENTRY--AUTHOR NAME
Personal name HAJARE, DR.ASHOK A.
245 ## - TITLE STATEMENT
Title A PRACTICAL BOOK OF PHYSICAL PHARMACEUTICS-II : second year b.pharma. semester-iv
260 ## - PUBLICATION, DISTRIBUTION, ETC. (IMPRINT)
Place of publication PUNE
Name of publisher NIRALI PRAKASHAN
Year of publication 2020
300 ## - PHYSICAL DESCRIPTION
Number of Pages 3.24, P, 1-10
650 ## - SUBJECT ADDED ENTRY--TOPICAL TERM
Topical Term PHARMACY
942 ## - ADDED ENTRY ELEMENTS (KOHA)
Koha item type Books
Holdings
Lost status Damaged status Collection code Home library Current library Shelving location Date acquired Source of acquisition Cost, normal purchase price Full call number Accession Number Koha item type
    PHARMACY JRU Library JRU Library Shelf - 27- D 03/02/2022 PURCHASE 90.00 615.19 26265 Books
    PHARMACY JRU Library JRU Library Shelf - 27- D 03/02/2022 PURCHASE 90.00 615.19 26266 Books
    PHARMACY JRU Library JRU Library Shelf - 27- D 03/02/2022 PURCHASE 90.00 615.19 26267 Books
    PHARMACY JRU Library JRU Library Shelf - 27- D 03/02/2022 PURCHASE 90.00 615.19 26268 Books
    PHARMACY JRU Library JRU Library Shelf - 27- D 03/02/2022 PURCHASE 90.00 615.19 26269 Books